000 00681nam a2200181Ia 4500
003 GCL
008 140319s9999 xx 000 0 ara d
040 _aGCL /
_cGCL
082 0 4 _aد
_b050
100 1 _aاحمد سليم سعيدان
245 1 0 _aمقدمة لتاريخ الفكر العلمى فى الاسلام : ( عالم المعرفة 131 ) /
_cاحمد سليم سعيدان
260 _aالكويت :
_bالمجلس الوطنى للثقافة والفنون والاداب ،
_c1988
300 _a217 ص ؛
_c20 سم
490 _aعالم المعرفة
_v131
650 0 4 _aالاسلام والعلم
650 0 4 _aالعلوم - تاريخ
942 _2ddc
_cBK
999 _c50267
_d50267